Normal view
MARC view
- NC Rabia Fatima (TCC-21)
Entry Personal Name
001 - CONTROL NUMBER
- control field: 132179
003 - CONTROL NUMBER IDENTIFIER
- control field: NUST
005 - DATE AND TIME OF LATEST TRANSACTION
- control field: 20251203140001.0
008 - FIXED-LENGTH DATA ELEMENTS
- fixed length control field: 251203|| aca||aabn | a|a d
040 ## - CATALOGING SOURCE
- Original cataloging agency: NUST
- Transcribing agency: NUST
100 ## - HEADING--PERSONAL NAME
- Personal name: NC Rabia Fatima (TCC-21)
670 ## - SOURCE DATA FOUND
- Source citation: Work cat.: (NUST)210852: NC Rabia Fatima (TCC-21), Implementation of virtual table tennis /, 2013
